National character and the factors in its formation
This book is based upon a course of ten lectures on citizenship, delivered, under the terms of the stevenson Foundation. This book presented the material factors; The spititual factors,...
Đã lưu trong:
| Príomhúdar: | |
|---|---|
| Formáid: | Leabhar |
| Teanga: | Undetermined |
| Foilsithe: |
New York
Harper & Brothers Publishers
1927
|
| Ábhair: | |
| Clibeanna: |
Cuir Clib Leis
Gan Chlibeanna, Bí ar an gcéad duine leis an taifead seo a chlibeáil!
|
| Thư viện lưu trữ: | Trung tâm Học liệu Trường Đại học Cần Thơ |
|---|
| LEADER | 00749nam a2200193Ia 4500 | ||
|---|---|---|---|
| 001 | CTU_108836 | ||
| 008 | 210402s9999 xx 000 0 und d | ||
| 082 | |a 901 | ||
| 082 | |b B255 | ||
| 100 | |a Barkers, Ernest | ||
| 245 | 0 | |a National character and the factors in its formation | |
| 245 | 0 | |c Ernest Barkers | |
| 260 | |a New York | ||
| 260 | |b Harper & Brothers Publishers | ||
| 260 | |c 1927 | ||
| 520 | |a This book is based upon a course of ten lectures on citizenship, delivered, under the terms of the stevenson Foundation. This book presented the material factors; The spititual factors,... | ||
| 650 | |a National characteristics,National characteristics, english | ||
| 904 | |i Truc | ||
| 980 | |a Trung tâm Học liệu Trường Đại học Cần Thơ | ||